Основы создания геометрических моделей в ANSYS SpaceClaim: учебно-методическое пособие
| Auteur principal: | |
|---|---|
| Collectivité auteur: | |
| Autres auteurs: | |
| Résumé: | Заглавие с титульного экрана Рассмотрены основные элементы интерфейса программы SpaceClaim, входящей в состав системы инженерного анализа ANSYS. Главное внимание уделено описанию практического использования базовых инструментов и приемов создания геометрических моделей на примере червячного вала, по его чертежу, а также моделей стержневых и оболочечных конструкций. Пред-назначено для студентов, обучающихся по направлению «Машиностроение». Также может быть полезно студентам других направлений и специальностей, аспирантам и всем тем, кто интересуется 3D-моделированием. AM_TPU_network |
| Langue: | russe |
| Publié: |
Томск, Изд-во ТПУ, 2024
|
| Sujets: | |
| Accès en ligne: | https://www.lib.tpu.ru/fulltext2/m/2024/m21.pdf |
| Format: | Électronique Livre |
| KOHA link: | https://koha.lib.tpu.ru/cgi-bin/koha/opac-detail.pl?biblionumber=674973 |
MARC
| LEADER | 00000nam0a2200000 4500 | ||
|---|---|---|---|
| 001 | 674973 | ||
| 005 | 20241014090850.0 | ||
| 010 | |a 978-5-4387-1198-8 | ||
| 090 | |a 674973 | ||
| 100 | |a 20240926d2024 m||y0rusy50 ca | ||
| 101 | 0 | |a rus | |
| 102 | |a RU | ||
| 105 | |a a j 001yy | ||
| 135 | |a drcn ---uucaa | ||
| 181 | 0 | |a i |b e | |
| 182 | 0 | |a b | |
| 183 | 0 | |a cr |2 RDAcarrier | |
| 200 | 1 | |a Основы создания геометрических моделей в ANSYS SpaceClaim |e учебно-методическое пособие |f Г. В. Лысак, И. А. Лысак |g Национальный исследовательский Томский политехнический университет | |
| 203 | |a Текст |c электронный |b визуальный | ||
| 210 | |a Томск |d 2024 |c Изд-во ТПУ | ||
| 215 | |a 1 файл (7,8 MB, 101 с.) | ||
| 283 | |a online_resource |2 RDAcarrier | ||
| 300 | |a Заглавие с титульного экрана | ||
| 320 | |a Список литературы: с. 94 (8 назв.) | ||
| 330 | |a Рассмотрены основные элементы интерфейса программы SpaceClaim, входящей в состав системы инженерного анализа ANSYS. Главное внимание уделено описанию практического использования базовых инструментов и приемов создания геометрических моделей на примере червячного вала, по его чертежу, а также моделей стержневых и оболочечных конструкций. Пред-назначено для студентов, обучающихся по направлению «Машиностроение». Также может быть полезно студентам других направлений и специальностей, аспирантам и всем тем, кто интересуется 3D-моделированием. | ||
| 371 | 0 | |a AM_TPU_network | |
| 606 | 1 | |a Трехмерное моделирование |9 86069 | |
| 610 | 1 | |a SpaceClaim | |
| 610 | 1 | |a общие сведения | |
| 610 | 1 | |a интерфейс | |
| 610 | 1 | |a геометрические модели | |
| 610 | 1 | |a червяк | |
| 610 | 1 | |a оболочечные конструкции | |
| 610 | 1 | |a стержневые конструкции | |
| 610 | 1 | |a самоконтроль | |
| 610 | 1 | |a труды учёных ТПУ | |
| 610 | 1 | |a электронный ресурс | |
| 610 | 1 | |a учебно-методические пособия | |
| 675 | |a 004.925.84(075.8) |v 4 | ||
| 700 | 1 | |a Лысак |b Г. В. |c химик-технолог |c ассистент кафедры Томского политехнического университета, кандидат химических наук |g Галина Владиленовна |y Томск |7 ca |8 rus |9 88512 | |
| 701 | 1 | |a Лысак |b И. А. |c специалист в области автоматизации и робототехники |c доцент Томского политехнического университета, кандидат технических наук |f 1977- |g Илья Александрович |9 15895 | |
| 712 | 0 | 2 | |a Национальный исследовательский Томский политехнический университет |c (2009- ) |9 26305 |4 570 |
| 801 | 0 | |a RU |b 63413507 |c 20240926 |g RCR | |
| 856 | 4 | 0 | |u https://www.lib.tpu.ru/fulltext2/m/2024/m21.pdf |z https://www.lib.tpu.ru/fulltext2/m/2024/m21.pdf |
| 942 | |c CF | ||